Troubleshooting optical-fiber networks : (Record no. 176006)

000 -LEADER
fixed length control field 01652 a2200277 4500
003 - CONTROL NUMBER IDENTIFIER
control field Nust
005 - DATE AND TIME OF LATEST TRANSACTION
control field 20170207152515.0
010 ## - LIBRARY OF CONGRESS CONTROL NUMBER
LC control number 2004274110
020 ## - INTERNATIONAL STANDARD BOOK NUMBER
International Standard Book Number 0120586614 (alk. paper)
040 ## - CATALOGING SOURCE
Transcribing agency Nust
082 00 - DEWEY DECIMAL CLASSIFICATION NUMBER
Classification number 621.38275
100 1# - MAIN ENTRY--PERSONAL NAME
Personal name Anderson, Duwayne R.
245 10 - TITLE STATEMENT
Title Troubleshooting optical-fiber networks :
Remainder of title understanding and using your optical time-domain reflectometer /
Statement of responsibility, etc. Duwayne R. Anderson, Larry Johnson, Florian G. Bell.
250 ## - EDITION STATEMENT
Edition statement 2nd ed.
260 ## - PUBLICATION, DISTRIBUTION, ETC.
Place of publication, distribution, etc. Amsterdam ;
-- Boston :
Name of publisher, distributor, etc. Elsevier Academic Press,
Date of publication, distribution, etc. c2004.
300 ## - PHYSICAL DESCRIPTION
Extent xvi, 437 p. :
Other physical details ill. ;
Dimensions 24 cm. +
Accompanying material 1 CD-ROM (4 3/4 in.)
505 ## - FORMATTED CONTENTS NOTE
Formatted contents note Early Development (Page-1) Fundamentals of Fiber Optics (Page-13) Fundamentals of OTDR operation (Page-59) Performance Characteristics of OTDRs (Page-103) Measuring Non reflective Events (Page-153) Loss-measurement error (Page-179)Measuring reflective Events (Page-209) Complication Caused by Reflective Events (Page-249)Measuring the Numerical Aperture and Mode Field (Page-267) Analyzing Passive Network Containing (Page-279)Automatic Event Making Algorithms (Page-291) Test Fixtures (Page-329)Polarization Mode Dispersion (Page-343)Dispersion in optical Fibers (Page-359) Consideration when Selecting an OTDR (Page-379).
538 ## - SYSTEM DETAILS NOTE
System details note Almirah No 26 Shelf No 6
650 #0 - SUBJECT ADDED ENTRY--TOPICAL TERM
Topical term or geographic name entry element Telecommunication engineering
650 #0 - SUBJECT ADDED ENTRY--TOPICAL TERM
Topical term or geographic name entry element Time-domain reflectometry.
700 1# - ADDED ENTRY--PERSONAL NAME
Personal name Anderson, Duwayne R.
700 1# - ADDED ENTRY--PERSONAL NAME
Personal name Bell, Florian G.
700 1# - ADDED ENTRY--PERSONAL NAME
Personal name Johnson, Larry,
856 41 - ELECTRONIC LOCATION AND ACCESS
Materials specified Publisher description
Uniform Resource Identifier <a href="http://www.loc.gov/catdir/description/els051/2004274110.html">http://www.loc.gov/catdir/description/els051/2004274110.html</a>
856 41 - ELECTRONIC LOCATION AND ACCESS
Materials specified Table of contents
Uniform Resource Identifier <a href="http://www.loc.gov/catdir/toc/els051/2004274110.html">http://www.loc.gov/catdir/toc/els051/2004274110.html</a>
942 ## - ADDED ENTRY ELEMENTS (KOHA)
Koha item type Reference
Holdings
Withdrawn status Lost status Source of classification or shelving scheme Damaged status Not for loan Collection code Permanent Location Current Location Date acquired Total Checkouts Full call number Barcode Date last seen Price effective from Koha item type
            Military College of Signals (MCS) Military College of Signals (MCS) 12/12/2016   621.38275 AND MCS31264 12/08/2016 12/12/2016 Book
© 2023 Central Library, National University of Sciences and Technology. All Rights Reserved.